| 000 | 01337nam a2200361 c 4500 | ||
|---|---|---|---|
| 001 | 19435 | ||
| 003 | ES-MaCES | ||
| 005 | 20150925134931.0 | ||
| 008 | 061004s2004 lu do t 000 | spa d | ||
| 035 | _aCES20060013329m | ||
| 040 |
_aES-MaCES _bspa _cES-MaCES |
||
| 245 | 0 | 0 |
_aEl Salvador _b: primer informe del país 2004 : avance de los Objetivos de Desarrollo del Milenio _c[coordinación general, Ana Evelyn Jacir de Lovo ; con el apoyo financiero del PNUD ... et al.] |
| 260 |
_a[S.l.] _bYolanda Cabrera de González _c2004 |
||
| 300 |
_a124 p. _bfot., gráf. col. _c27 cm |
||
| 504 | _aBibliografía: p. 107-108 | ||
| 541 | _cGratuito | ||
| 650 | 4 |
_acondiciones económicas _927081 |
|
| 650 | 4 |
_acondiciones sociales _930469 |
|
| 650 | 4 |
_alucha contra la pobreza _930648 |
|
| 650 | 4 |
_aenseñanza primaria _927383 |
|
| 650 | 4 |
_aasistencia médica _930272 |
|
| 650 | 4 |
_adesarrollo sostenible _930785 |
|
| 650 | 4 |
_aEl Salvador _926871 |
|
| 650 | 4 |
_a2004 _931739 |
|
| 650 | 4 |
_ainforme _928986 |
|
| 653 | 1 | 0 | _aDesarrollo regional |
| 650 | 4 |
_929234 _adesarrollo económico y social |
|
| 700 | 1 |
_aJacir de Lovo, Ana Evelyn _ecol. _915293 |
|
| 710 | 2 |
_aNaciones Unidas _bPrograma para el Desarrollo _ecol. _94601 |
|
| 902 | _aDOC Literatura gris | ||
| 942 |
_2CES _cBK _h1.1. |
||
| 999 |
_c19435 _d19435 |
||